Statistiques concernant Tous les cantons de Gironde sur une carte

Cliquez ici pour prendre le quiz!

Statistiques générales

  • Ce quiz a été pris 62 fois
  • Le résultat moyen est 19 sur 33

Réponses sur la Carte

Les réponses sont colorées sur une échelle allant du rouge au vert en fonction du pourcentage des utilisateurs qui les ont devinées à leur premier essai. Vous pouvez retrouver ces pourcentages ci-dessous.
 

Statistiques - réponses

Canton% Correct
Bordeaux-1
100%
Bordeaux-2
100%
Bordeaux-3
100%
Bordeaux-4
100%
Bordeaux-5
100%
Pessac-1
91%
Pessac-2
91%
La Teste-de-Buch
88%
Le Libournais-Fronsadais
84%
Mérignac-1
84%
Mérignac-2
84%
L'Estuaire
75%
Le-Sud-Gironde
75%
Talence
72%
Le Nord-Médoc
69%
Villenave-d'Ornon
56%
Gujan-Mestras
50%
Cenon
47%
Lormont
44%
Saint-Médard-en-Jalles
44%
Les Portes du Médoc
41%
Le Nord-Gironde
38%
Andernos-les-Bains
34%
Le Bouscat
34%
Le Nord-Libournais
28%
Les Coteaux de Dordogne
28%
La Presqu'île
25%
Les Landes des Graves
25%
Le-Sud-Médoc
25%
Créon
22%
L'Entre-deux-Mers
22%
Le Réolais et Les Bastides
19%
La Brède
16%

Distribution des résultats

Percentile par nombre de réponses

% des personnes avec chaque résultat

Votre développement - résultats

Vous n’avez pas pris ce quiz